| 000 | 02044cam a2200517Ki 4500 | ||
|---|---|---|---|
| 003 | PE-LiUPU | ||
| 005 | 20250731172844.0 | ||
| 008 | 150908s2014 miua ob 001 0 eng d | ||
| 020 |
_a1467442119 _qelectronic bk. |
||
| 020 |
_a9781467442114 _qelectronic bk. |
||
| 020 | _z0802870805 | ||
| 020 | _z9780802870803 | ||
| 035 | _a(Sirsi) i9781467442114 | ||
| 040 |
_aPE-LiUPU _bspa _cPE-LiUPU _erda |
||
| 049 | _aPRUA | ||
| 082 | 0 | 4 |
_a220.601 _bF85 _223 |
| 100 | 1 |
_aFroehlich, Karlfried, _eautor. |
|
| 245 | 1 | 0 |
_aSensing the scriptures : _bAminadab's chariot and the predicament of biblical interpretation / _cKarlfried Froehlich, with the collaboration of Mark S. Burrows. |
| 264 | 1 |
_aGrand Rapids, Michigan : _bWilliam B. Eerdmans Publishing Company, _c2014. |
|
| 300 |
_aix, 166 páginas : _bilustraciones ; _c23 centímetros. |
||
| 336 |
_atext _2rdacontent |
||
| 337 |
_aunmediated _2rdamedia |
||
| 338 |
_avolume _2rdacarrier |
||
| 504 | _aBibliografía : páginas 143-154. | ||
| 504 | _aÍndices : páginas 155-166. | ||
| 505 | 0 | _aPrinciples and rules: smelling the issues -- Littera: touching the ground -- Allegoria: seeing the beauty -- Tropologia: hearing the truth -- Anagogia: tasting reality -- Sense or nonsense, the power of biblical language. | |
| 526 | _aSEG42 | ||
| 526 | _aSEG41 | ||
| 526 | _aSEG40 | ||
| 526 | _aSEG39 | ||
| 526 | _aP94 | ||
| 526 | _aP87 | ||
| 526 | _aP86 | ||
| 526 | _aP85 | ||
| 526 | _aP77 | ||
| 526 | _aP76 | ||
| 526 | _aP35 | ||
| 650 | _aHermenéutica bíblica. | ||
| 910 |
_jck _bhop _chop _d20160526 |
||
| 942 |
_2ddc _cBOOK |
||
| 949 |
_a220.601 F85 _wDEWEY _c1 _i73215 _lCCODEBUL1 _mBUL _p25.00 _r0 _sY _tBOOK _u2016-5-26 _xTEOLOGIA _PP85 _0COMPRA _o.STAFF. Posgrado |
||
| 994 |
_aC0 _bPEPRU |
||
| 596 | _a1 | ||
| 999 |
_a220.601 F85 _wDEWEY _c9622 _i73215 _d9622 _e2019-1-15 _f2021-11-9 _g5 _lCCODEBUL1 _mBUL _n2 _p25.00 _q1 _r0 _sY _tBOOK _u2016-5-26 _xTEOLOGIA _PP85 _0COMPRA _o.STAFF. Posgrado |
||
| 980 |
_81 _gALBERTO SANCHEZ Responsable de Automatización |
||